00000000nam##2200000za#4500
0019.606519
003CaOODSP
00520210624212651
007cr |||||||||||
008150406|1987||||xxc|||||o    f|0| 0 fre|d
022 |a1488-545X
040 |aCaOODSP|bfre
043 |an-cn---
0861 |aFs97-6/1565F-PDF
1101 |aCanada. |bMinistère des pêches et des océans.
24510|aÉtude de l'activité bactérienne et fongique de quatre rivières à saumons de la côte-nord du Saint-Laurent, en relation avec des conditions physico-chimiques acides / |h[ressource électronique]|c[par] A. Ahem, S. Cantini et G. Verreault.
260 |aMont-Joli - Québec : |bPêches et Océans Canada |c1987.
300 |a42p.|bfigures, références, tableaux
4901 |aRapport technique canadien des sciences halieutiques et aquatiques|x1488-545X|vN° 1565
546 |a(Abstract in English).
590 |a14-02-Supp|b2014-01-08
7201 |aVerreault, G.
7201 |aAhem, A.
7201 |aCantini, S.
830#0|aRapport technique canadien des sciences halieutiques et aquatiques,|x1488-545X|vN° 1565|w(CaOODSP)9.500867
85640|ahttp://publications.gc.ca|qPDF|s1413 Ko|uhttps://publications.gc.ca/collections/collection_2014/mpo-dfo/Fs97-6-1565-fra.pdf|yN° 1565